00540nam a2200133 a 450000100100000000500170001000800410002704000250006808200150009324501430010826000970025130000200034870000380036800002794420240418073801.0110406s2000 dr r 000 0 spa d aDO-SdBNPbspacBNPHU axxxxbxxxx00aCatálogo de la exposición bibliográfica de la Región Este de República Dominicana /ccompilación y redacción Miguel Collado. aSan Pedro de Macorís, República Dominicana :bUniversidad Central del Este (UCE),c2000. a29 p. ;c22 cm.1 aCollado, Miguel A.,d1954-ecomp.